| 000 | 00371nam a2200157Ia 4500 | ||
|---|---|---|---|
| 008 | 230917s9999||||xx |||||||||||||| ||und|| | ||
| 040 |
_e15056 _aMAIN |
||
| 041 | _aEnglish | ||
| 082 | _a512.5 G868L | ||
| 100 | _aGreub, Werner | ||
| 245 | 0 | _aLinear algebra | |
| 250 | _a4th ed. | ||
| 260 |
_aNew york _bSpringer-Verlag _c1975 |
||
| 300 | _axiii, 451 p. | ||
| 942 | _cBK | ||
| 999 |
_c170812 _d170812 |
||